<?xml version="1.0" encoding="UTF-8"?>
<marc:record xmlns:marc="http://www.loc.gov/MARC21/slim">
   <marc:leader>00000nam a2200000 a 4500</marc:leader>
   <marc:datafield ind1="0" ind2="0" tag="245">
      <marc:subfield code="a">Lernen Lachen Selbermachen: Kartenspiel ABC</marc:subfield>
   </marc:datafield>
   <marc:datafield ind1=" " ind2="1" tag="264">
      <marc:subfield code="b">Ravensburger</marc:subfield>
      <marc:subfield code="c">2021</marc:subfield>
   </marc:datafield>
   <marc:datafield ind1="1" ind2=" " tag="520">
      <marc:subfield code="a">Beim Kartenspiel "ABC" lernen die Spieler alle Buchstaben des ABC kennen und verbinden sie mit ihrem Laut, z.B. A wie A-ffe. Nach dem Schwarzer Peter- Spielprinzip werden Paare aus je einem Buchstaben und einem Anlautbild gesammelt und abgelegt. Wer am Ende die "Schwarze Witwe" behält, hat verloren. Für Abwechslung und immer wieder neuen Spielspaß sorgen die Varianten "Silbensieg" und "Paare finden".</marc:subfield>
   </marc:datafield>
   <marc:datafield ind1="3" ind2=" " tag="024">
      <marc:subfield code="a">4005556803477</marc:subfield>
   </marc:datafield>
</marc:record>
